|
|
|
|
| LEADER |
00000nam0a2200000 4500 |
| 001 |
114642 |
| 005 |
20231101215214.0 |
| 010 |
|
|
|a 5710798371
|
| 035 |
|
|
|a (RuTPU)RU\TPU\book\123980
|
| 090 |
|
|
|a 114642
|
| 100 |
|
|
|a 20070424d2005 m y0rusy50 ca
|
| 101 |
0 |
|
|a rus
|
| 102 |
|
|
|a RU
|
| 105 |
|
|
|a y j 001zy
|
| 200 |
1 |
|
|a Общая и неорганическая химия в вопросах
|e учебное пособие
|f Р. А. Лидин, Л. Ю. Аликберова, Г. П. Логинова
|
| 205 |
|
|
|a 3-е изд., стер.
|
| 210 |
|
|
|a Москва
|c Дрофа
|d 2005
|
| 215 |
|
|
|a 303 с.
|
| 225 |
1 |
|
|a Высшее образование
|
| 320 |
|
|
|a Библиогр.: с. 301.
|
| 330 |
|
|
|a Пособие содержит вопросы и задания, составленные в соответствии с учебными программами вузовских курсов «Общая химия» и «Неорганическая химия». В книгу вошли вопросы по теоретическим основам химии (типы, энергетика и направление химических реакций, химическое равновесие, растворы электролитов и неэлектролитов, протолитические реакции, Периодический закон Д. И. Менделеева, химическая связь и строение молекул) и по химии отдельных элементов и их соединений. При обсуждении общетеоретических вопросов (разделы 1 —11) предложены конкретные примеры химических свойств и реакций неорганической химии. В разделах 12—26, рассматривающих собственно неорганическую химию s-, p-, d- и f-элементов, вопросы сформулированы таким образом, чтобы в процессе поиска ответов студенты научились свободно ориентироваться среди многообразия химических объектов и химических взаимодействий. В разделе 26 фактически предложены тему зачетных рефератов и докладов на учебных семинарах. Для студентов вузов, обучающихся по специальности 011000 Химия. Может быть использовано преподавателями при составлении вопросов текущего контроля, заданий контрольных работ и коллоквиумов, вариантов экзаменационных билетов.
|
| 606 |
1 |
|
|a Общая химия
|2 stltpush
|3 (RuTPU)RU\TPU\subj\67862
|
| 606 |
1 |
|
|a Неорганическая химия
|2 stltpush
|3 (RuTPU)RU\TPU\subj\67586
|9 83311
|
| 610 |
1 |
|
|a учебные пособия
|
| 610 |
1 |
|
|a неорганические вещества
|
| 610 |
1 |
|
|a химические реакции
|
| 610 |
1 |
|
|a энергетика
|
| 610 |
1 |
|
|a химическое равновесие
|
| 610 |
1 |
|
|a химические растворы
|
| 610 |
1 |
|
|a водные растворы
|
| 610 |
1 |
|
|a протолиты
|
| 610 |
1 |
|
|a растворимость
|
| 610 |
1 |
|
|a периодический закон
|
| 610 |
1 |
|
|a химическая связь
|
| 610 |
1 |
|
|a комплексные соединения
|
| 610 |
1 |
|
|a химические элементы
|
| 610 |
1 |
|
|a химия
|
| 675 |
|
|
|a 54(075.8)
|v 3
|
| 675 |
|
|
|a 546(075.8)
|v 3
|
| 700 |
|
1 |
|a Лидин
|b Р. А.
|g Ростислав Александрович
|
| 701 |
|
1 |
|a Аликберова
|b Л. Ю.
|g Людмила Юрьевна
|
| 701 |
|
1 |
|a Логинова
|b Г. П.
|g Галина Павловна
|
| 801 |
|
1 |
|a RU
|b 63413507
|c 20070424
|g PSBO
|
| 801 |
|
2 |
|a RU
|b 63413507
|c 20200630
|g PSBO
|
| 900 |
|
|
|a Общая и неорганическая химия
|
| 942 |
|
|
|c BK
|
| 952 |
|
|
|b 020100
|b 020101
|
| 959 |
|
|
|a 93/20081022
|d 3
|e 0
|f ЧЗТЛ:2
|f АНЛ:1
|